Mase plastice - Statistics

General Stats
  • This quiz has been taken 1 times
  • The average score is 6 of 8
Answer Stats
Question Answer % Correct
Ce procent din plastic este reciclat eficient? 5%
100%
Ce caracteristică are politetrafluoroetena (teflonul)? Are proprietăți antiaderente și rezistență chimică mare
100%
În ce domeniu sunt utilizate materialele plastice pentru realizarea țevilor, rețelelor sanitare și izolațiilor? Materialele de construcții
100%
Ce sunt masele plastice? Materiale produse pe bază de polimeri
100%
Care dintre următoarele reprezintă principalul dezavantaj al maselor plastice? Nu sunt biodegradabile
100%
Ce rol au plastifianții în compoziția maselor plastice? Sporesc elasticitatea și reduc fragilitatea
100%
Cum se obține polistirenul expandat (EPS)? Prin mărirea volumului granulelor de polistiren în camere cu vacuum
0%
Ce proprietăți importante are PVC-ul? Rezistență chimică bună și impermeabilitate foarte bună
0%
No matching quizzes found
Score Distribution
Percent of People with Each Score
Percentile by Number Answered
Your Score History
You have not taken this quiz